000
00290nam a2200121Ia 4500
008
191201s2010 xx 000 0 und d
100
_a
RAJARAM, J
245
0
_a
Chemistry in engineering and technology
250
_a
Rep
260
_c
2010
_b
TMH
_a
NEW DELHI
300
_a
672
942
_2
ddc
_c
BK
999
_c
8067
_d
8067